[Event "53rd Biel Classical 2020"]
[Site "Biel"]
[Date "2020.07.23"]
[Round "3.3"]
[White "Wojtaszek, Radoslaw"]
[Black "Adams, Michael"]
[Result "1/2-1/2"]
[WhiteElo "2719"]
[BlackElo "2701"]
[Annotator "TA"]
[PlyCount "81"]
[EventDate "2020.07.21"]
[EventType "tourn"]
[EventCountry "SUI"]
[SourceTitle "playchess.com"]
[Source "ChessBase"]
[SourceQuality "1"]

{[%evp 18,81,28,18,14,31,31,10,10,10,18,16,19,21,21,25,62,35,33,33,50,48,69,11,12,11,8,6,8,6,6,6,6,6,11,5,5,5,5,6,7,7,5,5,6,7,10,7,10,10,10,10,10,10,10,10,10,10,10,10,12,12,12,12,12,12]} 1. d4 Nf6 2. c4 e6 3. Nf3 d5 4. Nc3 Be7 5. Bf4 O-O 6. e3 Nbd7 7. Be2 dxc4 8. O-O c5 9. dxc5 Nxc5 10. Bxc4 Qxd1 {D37: Queen's Gambit Declined: 5 Bf4.} 11. Rfxd1 b6 12. Ne5 {[#] Nc6 is the strong threat.} Bb7 13. f3 Rfd8 14. e4 {[#]} Kf8 $146 ({Predecessor:} 14... a6 15. Bf1 Rac8 16. Nc4 Rxd1 17. Rxd1 b5 18. Nd6 Bxd6 19. Bxd6 h6 20. Ne2 Ne8 {½-½ (61) Gelfand,B (2734)-Le,Q (2718) Almaty 2016}) 15. Be2 Ncd7 16. Nc4 Bc6 17. Rac1 Ne8 18. Kf1 h6 19. a3 Bg5 20. Be3 (20. Bxg5 $14 hxg5 21. b4) 20... Bxe3 $11 {The position is equal.} 21. Nxe3 Nc5 22. b4 Nb3 23. Rxd8 Rxd8 24. Rd1 Rxd1+ 25. Bxd1 Nd4 26. e5 Ke7 27. Kf2 Nc7 28. f4 f6 29. Ne2 fxe5 30. fxe5 Nxe2 31. Bxe2 {[%mdl 4096] Endgame KBN-KBN} Nd5 32. g3 Nxe3 33. Kxe3 {KB-KB} g5 34. h4 gxh4 35. gxh4 Be8 36. Kd4 Bc6 37. Bd1 Kd7 38. a4 Ke7 39. a5 Kd7 40. axb6 axb6 41. Be2 {Accuracy: White = 91%, Black = 96%.} 1/2-1/2

[Event "53rd Biel Classical 2020"]
[Site "Biel"]
[Date "2020.07.23"]
[Round "3.4"]
[White "Edouard, Romain"]
[Black "Anton Guijarro, David"]
[Result "0-1"]
[WhiteElo "2649"]
[BlackElo "2703"]
[Annotator "TA"]
[PlyCount "90"]
[EventDate "2020.07.21"]
[EventType "tourn"]
[EventCountry "SUI"]
[SourceTitle "playchess.com"]
[Source "ChessBase"]
[SourceQuality "1"]

{[%evp 13,90,0,0,0,0,0,14,0,0,0,0,0,0,0,0,0,6,-9,0,-34,-31,-25,-33,-30,-31,-28,-27,-36,-53,-49,-47,-41,-36,-85,-71,-71,-71,-71,-71,-71,-71,-71,-71,-121,-105,-104,-109,-213,-212,-198,-191,-227,-234,-245,-232,-271,-219,-214,-192,-292,-297,-281,-270,-403,-375,-383,-360,-335,-256,-1370,-1361,-5635,-4869,-12845,-12504,-12795,-10996,-6564,-6564]} 1. d4 Nf6 2. c4 e6 3. Nc3 Bb4 4. Qc2 O-O 5. e4 d5 6. e5 Ne4 7. Bd3 c5 8. Nf3 {E32: Nimzo-Indian: Classical (4 Qc2): 4...0-0.} cxd4 9. Nxd4 Nd7 10. Bf4 {The position is equal.} Qh4 11. g3 Qh5 12. O-O g5 13. cxd5 Bxc3 14. bxc3 exd5 15. Bc1 {15.Be3 is becoming the main line.} Nxe5 {[#]} 16. Bxe4 $146 ({Predecessor:} 16. f3 Nxd3 17. Qxd3 Nc5 18. Qd2 g4 19. Ba3 b6 20. Ne2 gxf3 21. Nf4 Qg5 22. Qd4 {½-½ (47) Villegas,P (2329)-Bogner,S (2559) Baku 2016}) 16... dxe4 17. Qxe4 Re8 {White must now prevent ...Bg4.} 18. f4 Qxh2+ 19. Kxh2 Ng4+ {[%mdl 64] [#] Discovered Attack} 20. Kg2 Rxe4 21. fxg5 Bd7 22. Bf4 Rae8 23. Rad1 Ne3+ {White is on the road to losing.} 24. Bxe3 Rxe3 25. Nf5 Re2+ 26. Kh3 Be6 27. a4 Re3 28. c4 Re4 29. Rb1 b6 30. a5 (30. c5 $17 {was necessary.}) 30... Re5 $19 ({Less strong is} 30... Rxc4 31. axb6 axb6 32. Rxb6 $15) (30... Bxc4 31. Rf2 $17) (30... bxa5 31. Rb7 $17) 31. g4 Rxa5 ({But not} 31... Bxc4 32. Rf4 $17) 32. Rf4 Rd8 33. Rb3 {White wants to play Ne7+.} Rc5 34. Ra3 Rd7 ({Weaker is} 34... Rxc4 35. Rxc4 Bxc4 36. Rxa7 $17) 35. Re3 Rdc7 36. Rd3 (36. Rd4 $142 h5 37. Rd8+ Kh7 38. Kh4) 36... Bxf5 $1 37. gxf5 {[#] Rd8+ would kill now.} Rxc4 38. Rxc4 (38. Kg4 $142 Rxf4+ 39. Kxf4) 38... Rxc4 {[%mdl 4096] Endgame KR-KR} 39. Rd7 a5 40. Rb7 Rc8 41. Kg4 $2 (41. Ra7) 41... Ra8 {Black is clearly winning.} 42. g6 hxg6 43. fxg6 fxg6 44. Rxb6 Kf7 45. Rb7+ Ke6 {Accuracy: White = 51%, Black = 92%.} 0-1

[Event "53rd Biel Classical 2020"]
[Site "Biel"]
[Date "2020.07.24"]
[Round "4.1"]
[White "Studer, Noel"]
[Black "Anton Guijarro, David"]
[Result "1-0"]
[WhiteElo "2580"]
[BlackElo "2703"]
[Annotator "TA"]
[PlyCount "63"]
[EventDate "2020.07.21"]
[EventType "tourn"]
[EventCountry "SUI"]
[SourceTitle "playchess.com"]
[Source "ChessBase"]
[SourceQuality "1"]

{[%evp 19,63,6,24,7,23,15,22,9,46,56,74,88,76,78,103,82,87,81,89,89,106,107,108,100,199,212,213,209,216,189,231,203,312,312,312,301,610,600,1031,983,4998,3628,2112,2009,29991,940]} 1. d4 Nf6 2. c4 g6 3. Nc3 d5 4. cxd5 Nxd5 5. e4 Nxc3 6. bxc3 Bg7 7. Bc4 c5 8. Ne2 Nc6 9. Be3 O-O 10. O-O b6 {is the new trend.} 11. Rc1 {D87: Exchange Grünfeld: Classical Line: Variations without ...cxd4.} Bb7 12. Bb5 Na5 13. d5 {[#] The position is equal.} c4 $146 ({Predecessor:} 13... e6 14. c4 Qe7 15. Nf4 exd5 16. exd5 Rad8 17. Re1 Qf6 18. Qd2 Qf5 19. Qe2 Bc8 {1-0 (26) Knaak,R (2505)-Jansa,V (2495) Bratislava 1983}) 14. Nd4 a6 15. Ba4 $1 b5 16. Bc2 Qd7 17. h4 e6 18. dxe6 fxe6 19. Qg4 Rae8 20. e5 Bxe5 21. h5 Bxd4 (21... Nc6 $16 {keeps fighting.}) 22. Bxd4 $18 {Bxg6! is the strong threat.} Nc6 {[#]} 23. Rcd1 $1 {[%cal Bc1d1,Bd1d4,Bd4g4][%mdl 32] aiming for Bxg6!} ({Not} 23. hxg6 Nxd4 24. Rfd1 Nf3+ 25. Qxf3 (25. gxf3 Qc7 $17) 25... Qc7 $14) 23... Nxd4 24. Rxd4 Qg7 25. hxg6 $40 {[%mdl 128] White is out for blood.} hxg6 (25... h6 {was called for.} 26. Qh3 Bc8) 26. Bxg6 Re7 27. Re1 Bd5 $2 (27... Qf6 28. Bf7+ Kxf7) 28. Qg3 Rf6 29. Rg4 Qf8 30. Re5 Rg7 31. Rh5 {Threatening mate with Rgh4.} Qe7 32. Rh6 {Black did not feel at home in the position after the opening. Accuracy: White = 96%, Black = 29%.} (32. Qb8+ $142 Qf8 33. Bh7+ Kf7 34. Qc7+ Ke8 35. Rxg7 Qxg7 {[%mdl 64] Remove Defender} 36. Qxg7 Rf7 {[#]} 37. Bg6 $1 {[%mdl 576] Pin}) 1-0

[Event "53rd Biel Classical 2020"]
[Site "Biel"]
[Date "2020.07.24"]
[Round "4.2"]
[White "Adams, Michael"]
[Black "Edouard, Romain"]
[Result "1/2-1/2"]
[WhiteElo "2701"]
[BlackElo "2649"]
[Annotator "TA"]
[PlyCount "80"]
[EventDate "2020.07.21"]
[EventType "tourn"]
[EventCountry "SUI"]
[SourceTitle "playchess.com"]
[Source "ChessBase"]
[SourceQuality "1"]

{[%evp 24,80,35,12,41,37,47,0,0,0,7,0,0,0,0,0,0,0,0,0,4,3,11,14,16,9,8,0,0,0,0,-11,0,0,0,0,0,0,0,0,0,0,0,0,0,0,0,0,0,0,0,0,0,0,0,0,0,0,0]} 1. e4 e6 2. d4 d5 3. Nc3 Nf6 4. e5 Nfd7 5. Nce2 c5 6. c3 Nc6 7. Nf3 Qb6 8. a3 cxd4 9. cxd4 f6 10. exf6 Nxf6 11. Nc3 Bd6 12. Bd3 O-O 13. O-O e5 {C06: French Tarrasch: 3...Nf6 4 e5 Nfd7 5 Bd3 main lines.} 14. dxe5 Nxe5 15. Be2 Nxf3+ $1 {The position is equal.} 16. Bxf3 d4 17. Ne4 Nxe4 18. Bxe4 Bf5 19. Bxf5 Rxf5 {[#]} 20. Qd3 $146 ({Predecessor:} 20. b4 Raf8 21. Ra2 Kh8 22. Rc2 Be5 23. Qd3 Qd6 24. h3 h6 25. Re2 Qd5 26. Re4 {0-1 (52) Smole,A (2155)-Sorg,B (2200) Austria 1999}) 20... Raf8 21. Bd2 Qc7 22. g3 Qf7 {[%cal Rf5f2]} 23. f4 a5 24. Rac1 Qd5 25. Qc4 Qxc4 26. Rxc4 {[#]} g5 $1 {[%cal Rg5f4][%mdl 512]} 27. b4 (27. g4 {is interesting.} Rb5 28. b4 Rd5 29. fxg5 Bxh2+ 30. Kg2) (27. fxg5 Rxf1+) 27... axb4 28. Bxb4 Bxb4 29. Rxb4 gxf4 30. Rxf4 Rxf4 31. gxf4 Rxf4 32. Rxb7 $11 {[%mdl 4096] Endgame KR-KR} Rf3 33. Rd7 Rxa3 34. Rxd4 Ra2 35. Rd7 Rb2 36. h3 h6 37. Kh1 Ra2 38. Kg1 Rb2 39. Kh1 Ra2 40. Kg1 Rb2 {Accuracy: White = 95%, Black = 95%.} 1/2-1/2

[Event "53rd Biel Classical 2020"]
[Site "Biel"]
[Date "2020.07.24"]
[Round "4.3"]
[White "Naiditsch, Arkadij"]
[Black "Wojtaszek, Radoslaw"]
[Result "0-1"]
[WhiteElo "2626"]
[BlackElo "2719"]
[Annotator "TA"]
[PlyCount "82"]
[EventDate "2020.07.21"]
[EventType "tourn"]
[EventCountry "SUI"]
[SourceTitle "playchess.com"]
[Source "ChessBase"]
[SourceQuality "1"]

{[%evp 11,82,7,9,7,6,15,10,16,6,18,17,9,6,8,8,0,0,0,0,0,0,0,3,0,0,0,0,-13,0,0,0,0,0,-21,-24,-42,-53,-47,-49,-36,-31,-37,-34,-32,-31,-26,-18,-45,-23,-33,-31,-25,-31,-29,-11,-14,-9,-10,-9,-39,-64,-154,-154,-302,-293,-29990,-29991,-29991,-29992,-29992,-29993,-29993,-29994]} 1. e4 c5 2. Nf3 d6 3. Bb5+ Nd7 4. d4 cxd4 5. Qxd4 a6 6. Bxd7+ Bxd7 7. c4 {B51: Sicilian: Moscow Variation (3 Bb5+) without 3...Bd7.} e5 8. Qd3 b5 9. Nc3 {[%cal Rc4b5] The position is equal.} bxc4 10. Qxc4 Be6 11. Qd3 h6 12. O-O Nf6 13. Rd1 Be7 14. Ne1 O-O 15. Nc2 Qd7 16. Ne3 Rfc8 17. Bd2 {[#]} Bd8 $146 ({Predecessor:} 17... Qb7 18. b3 Rc5 19. f3 Rd8 20. Be1 d5 21. exd5 Rc7 22. Rac1 Bxd5 23. Nexd5 Nxd5 24. Nxd5 Rxd5 25. Qxd5 Qxd5 26. Rxd5 Rxc1 27. Rxe5 {½-½ (33) Laine,J (2166)-Maliszewski,G (2250) ICCF email 2017}) 18. Ncd5 Qb7 19. Bc3 Nxd5 20. Nxd5 Rc6 21. h3 Rac8 22. Kh2 Bg5 23. f3 Rc5 24. Ne3 Qb6 {White must now prevent ...Rxc3.} 25. Re1 Bf4+ 26. g3 Bxe3 27. Qxe3 Qc6 28. a3 f6 29. Rad1 Rd8 30. Rd2 d5 31. exd5 Rcxd5 32. Rxd5 Qxd5 33. f4 {[%cal Rf4e5]} Bc8 34. fxe5 Bb7 {[%csl Gb7][%cal Rd5g2]} 35. Rg1 fxe5 36. g4 ({Better is} 36. Qe2 $15) 36... Rf8 $1 $40 {[%mdl 128] Black goes for the king.} 37. g5 ({Wrong is} 37. Qxe5 $2 Rf2+ 38. Kg3 Rg2+ 39. Kh4 Qxe5 $19) (37. Qe2 $17) 37... Rf3 $19 38. Qxe5 $2 (38. Qe2 $19 e4 39. Rg2) 38... Rf2+ $1 {Black mates.} ({Stronger than} 38... Qd7 39. Rg3 $11) 39. Kg3 {[#]} Rg2+ $1 40. Rxg2 Qxg2+ 41. Kh4 {[#]} Qf2+ $1 {Accuracy: White = 70%, Black = 100%.} 0-1

[Event "53rd Biel Classical 2020"]
[Site "Biel"]
[Date "2020.07.24"]
[Round "4.4"]
[White "Harikrishna, Pentala"]
[Black "Keymer, Vincent"]
[Result "1-0"]
[WhiteElo "2719"]
[BlackElo "2558"]
[Annotator "TA"]
[PlyCount "73"]
[EventDate "2020.07.21"]
[EventType "tourn"]
[EventCountry "SUI"]
[SourceTitle "playchess.com"]
[Source "ChessBase"]
[SourceQuality "1"]

{[%evp 17,73,-8,-17,-19,3,11,16,21,21,11,16,19,31,41,58,22,37,15,33,37,58,30,59,67,81,88,87,114,106,102,105,99,112,100,107,76,92,65,73,71,184,200,291,244,231,243,1086,1073,1261,1243,1282,818,833,796,762,723,884,689]} 1. c4 c6 2. d4 d5 3. Nc3 Nf6 4. e3 e6 5. Nf3 Nbd7 6. Bd3 dxc4 7. Bxc4 b5 8. Bb3 b4 9. Ne2 {[%cal Bc3e2,Be2f4,Bf4e6][%mdl 32]} Be7 10. O-O {D47: Semi-Slav: Meran System.} Bb7 11. Nf4 c5 12. Ng5 {[#] The position is equal.} O-O $146 ({Predecessor:} 12... Qb6 13. Re1 O-O 14. e4 cxd4 15. e5 Nd5 16. Nh5 g6 17. Ng3 f5 18. exf6 Rxf6 {1-0 (37) Annakov,B (2420)-Nevostrujev,V (2425) Moscow 1995}) 13. Ngxe6 fxe6 14. Nxe6 {[%mdl 64] [#] Double Attack} Qc8 15. Nxc5+ Kh8 16. Nxb7 Qxb7 17. f3 a5 18. e4 {[%mdl 1024] White has compensation.} Nb6 19. Qe2 $1 a4 20. Bc2 Rfc8 {[#]} 21. Bd3 $1 a3 22. b3 Qd7 23. Be3 Rc3 24. Rad1 Rd8 25. Kh1 Qe8 26. Bg1 Bf8 27. Qe1 Nbd7 28. Bb1 Nh5 (28... Qh5 $16 {was worth a try.}) 29. e5 $18 Qe6 (29... g6 $142 30. f4 Nb6) 30. Qh4 Qh6 31. g4 (31. Qxd8 $2 {gets mated.} Ng3#) 31... Nf4 $2 (31... Nhf6 32. Qxh6 gxh6 33. exf6 Nxf6) 32. Qxd8 {White is clearly winning.} Qh3 33. Rf2 Rxf3 34. Qa8 Rxf2 35. Bxf2 Qxg4 36. Rg1 Qh5 37. Re1 {Black did not feel at home in the position after the opening. Accuracy: White = 78%, Black = 68%.} 1-0

[Event "53rd Biel Classical 2020"]
[Site "Biel"]
[Date "2020.07.28"]
[Round "5.2"]
[White "Wojtaszek, Radoslaw"]
[Black "Harikrishna, Pentala"]
[Result "0-1"]
[WhiteElo "2719"]
[BlackElo "2719"]
[Annotator "TA"]
[PlyCount "99"]
[EventDate "2020.07.21"]
[EventType "tourn"]
[EventCountry "SUI"]

{[%evp 15,99,29,18,31,26,11,20,10,16,14,19,11,12,6,5,3,16,2,11,0,36,37,25,34,18,39,22,51,97,0,41,43,29,45,27,30,79,-45,-55,-48,-70,-61,-54,-141,-145,-138,-134,-138,-138,-132,-131,-135,-120,-114,-94,-93,-95,-240,-233,-191,-194,-260,-239,-242,-25,-43,-36,-33,-477,-40,-40,-767,-761,-754,-754,-29941,-29942,-29955,-29955,-29963,-29951,-7804,-6386,-29973,-29974,-29972]} 1. d4 d5 2. c4 c6 3. Nf3 Nf6 4. e3 Bf5 5. Nc3 e6 6. Nh4 Be4 7. f3 Bg6 8. Qb3 Qc7 9. Bd2 {D12: Slav Defence: 3 Nf3 Nf6 4 e3 Bf5.} Be7 10. O-O-O dxc4 11. Bxc4 {The position is equal.} b5 12. Be2 ({But not} 12. Nxg6 $2 bxc4 13. Qxc4 (13. Nb5 $2 Qd7 $19) 13... hxg6 $19) 12... a6 13. Nxg6 hxg6 14. Ne4 Nxe4 15. fxe4 c5 16. Kb1 Nc6 {[#]} 17. Bc3 $146 ({Predecessor:} 17. e5 cxd4 18. Bf3 Rc8 19. Rc1 Qd7 20. Qc2 Na7 21. Qxc8+ Nxc8 22. Bc6 Nb6 23. Bxd7+ Kxd7 24. exd4 {1-0 (32) Carlsen,M (2863)-Vachier Lagrave,M (2778) chess24.com INT 2020}) 17... O-O 18. h4 c4 19. Qc2 b4 20. Be1 {h5 is the strong threat.} c3 21. h5 g5 22. e5 (22. h6 $16) 22... b3 23. Qxc3 bxa2+ 24. Ka1 Bb4 25. Qc2 Bxe1 26. h6 (26. Rdxe1 $16 Rfc8 27. Rc1) 26... Rfc8 $1 $15 ({Don't play} 26... Bh4 27. g3 $14) 27. Rdxe1 {[#] Threatens to win with hxg7.} Nb4 $36 {[%mdl 2048] Black has the initiative.} 28. Qxc7 Rxc7 29. hxg7 (29. Ref1 $15) 29... Nc2+ $17 30. Kxa2 Nxe1 31. Rh8+ Kxg7 32. Rxa8 Nxg2 33. Rxa6 Nxe3 {[%mdl 4096] Endgame KRB-KRN} 34. Ra3 Nf5 35. Rd3 Rd7 36. d5 (36. b4 $17) 36... Rxd5 $19 37. Rxd5 exd5 {KB-KN} 38. b4 Nd4 39. Bg4 {[#]} Nc6 $2 ({Black should try} 39... Kf8 $1 $19 {aiming for ...Ke7.} 40. Ka3 Nc6) 40. b5 $1 $11 {[%cal Rb5c6]} Nxe5 41. b6 $1 Kf6 42. b7 $2 (42. Bd1 $19 Nc6 43. b7) 42... Nc6 $15 {Hoping for ...Ke5.} 43. Ka3 $2 {[%mdl 8192]} (43. Kb2 $15) 43... Ke5 $19 44. Ka4 Kd6 45. Kb5 Kc7 46. Kc5 Ne7 47. b8=Q+ Kxb8 48. Kd6 f5 49. Bd1 g4 50. Ke5 {Accuracy: White = 65%, Black = 79%.} 0-1

[Event "53rd Biel Classical 2020"]
[Site "Biel"]
[Date "2020.07.28"]
[Round "5.3"]
[White "Edouard, Romain"]
[Black "Naiditsch, Arkadij"]
[Result "1/2-1/2"]
[WhiteElo "2649"]
[BlackElo "2626"]
[Annotator "TA"]
[PlyCount "101"]
[EventDate "2020.07.21"]
[EventType "tourn"]
[EventCountry "SUI"]

{[%evp 10,101,16,0,39,33,35,37,73,70,75,62,82,102,95,62,172,37,58,58,43,15,26,12,42,15,12,12,13,7,144,120,233,35,29,29,32,30,39,33,36,31,36,26,29,40,29,25,29,35,35,21,19,10,54,15,15,15,15,15,15,17,17,17,46,46,41,37,39,24,24,24,31,39,856,839,325,325,325,8,8,0,0,0,8,8,8,8,8,8,8,8,8,0]} 1. d4 Nf6 2. c4 e6 3. Nc3 Bb4 4. Nf3 b6 5. Qb3 a5 6. g3 Nc6 {E21: Nimzo-Indian: 4 Nf3.} 7. Bg2 a4 8. Qc2 Ba6 {White is slightly better.} 9. O-O $1 a3 {[#]} 10. Rd1 $146 ({Predecessor:} 10. Nb5 O-O 11. Ne5 Bb7 12. bxa3 Be7 13. Rd1 Qc8 14. Bb2 Na7 15. a4 Bxg2 16. Kxg2 {½-½ (51) Frenzel,L (2149)-Rosche,E (2462) Remote email 2012}) 10... axb2 11. Bxb2 Na5 12. Ne5 c6 ({Black should try} 12... Bb7 $14) 13. d5 (13. Ne4 $1 $18) 13... cxd5 $1 $14 14. cxd5 {Nxf7! is the strong threat.} Rc8 15. dxe6 fxe6 16. Rac1 {Threatening Qa4.} O-O $1 17. Qa4 Bc5 $1 18. Nxd7 Nxd7 19. Rxd7 Qf6 (19... Bxf2+ $11 {keeps the balance.} 20. Kh1 Qe8) 20. Kh1 $16 {aiming for Rb1.} Bxe2 {[#]} (20... Rcd8 $16) 21. Qc2 $2 ({Resist} 21. Nxe2 $6 Qxb2 22. Qg4 Qf6 $16) ({Only move:} 21. Qe4 $1 $18 {[%cal Re4e2]} Bf3 22. Qxf3 Qxf3 23. Bxf3 Rxf3 24. Ne4) 21... Bf3 $14 {Strongly threatening ...Bxg2+.} 22. Ne4 {[%mdl 64] Discovered Attack} Bxg2+ 23. Kxg2 Qf3+ 24. Kg1 e5 25. Bxe5 Bxf2+ $1 26. Nxf2 Qxf2+ 27. Qxf2 {Rxc8 would kill now.} Rxc1+ 28. Kg2 Rxf2+ 29. Kxf2 $11 {[%mdl 4096] Endgame KRB-KRN} Rc2+ 30. Kg1 g6 31. a4 Nc4 32. Rg7+ Kf8 33. Rc7 Rc1+ 34. Kg2 Ne3+ $1 35. Kf3 Rxc7 36. Bxc7 {KB-KN} Nd5 37. Be5 {Black must now prevent Ke4.} Ke7 38. Ke4 Ke6 39. g4 h5 40. gxh5 gxh5 41. Bd4 Kd6 $2 {[%mdl 8192] [#]} (41... h4 $14) 42. Kf5 $1 $18 Kc6 43. Kg5 b5 {[%cal Bb6b5,Bb5b4,Bb4b3][%mdl 32]} 44. a5 $2 (44. axb5+ $18 Kxb5 45. Kxh5) 44... b4 $11 {The position is equal.} 45. Kxh5 Kb5 46. Kg5 b3 47. h4 Ne7 $1 48. h5 Ng8 $1 49. Bc3 Kc4 50. Bb2 Kb5 51. Bc3 {Accuracy: White = 69%, Black = 67%.} 1/2-1/2

[Event "53rd Biel Classical 2020"]
[Site "Biel"]
[Date "2020.07.28"]
[Round "5.4"]
[White "Anton Guijarro, David"]
[Black "Adams, Michael"]
[Result "1-0"]
[WhiteElo "2703"]
[BlackElo "2701"]
[Annotator "TA"]
[PlyCount "107"]
[EventDate "2020.07.21"]
[EventType "tourn"]
[EventCountry "SUI"]

{[%evp 9,107,12,16,9,12,0,6,0,2,0,0,0,2,0,0,7,8,0,2,6,8,5,14,16,4,16,8,7,12,16,11,19,22,9,31,21,23,26,58,33,32,27,26,30,36,33,29,0,21,32,33,28,17,36,31,32,66,70,69,72,63,54,109,102,205,199,206,202,213,190,192,190,273,173,171,180,157,160,302,311,300,347,389,403,774,775,788,743,789,799,772,768,29954,6532,29993,29994,29994,29995,29995,29996]} 1. c4 Nf6 2. Nf3 e6 3. g3 d5 4. Bg2 dxc4 5. Qa4+ Bd7 6. Qxc4 {A13: English Opening: 1...e6.} c5 7. Ne5 Qc8 8. Qd3 {The position is equal.} Nc6 9. Nxd7 Nxd7 10. b3 Be7 11. Bb2 O-O 12. O-O Rd8 13. Nc3 Nf6 14. Qc2 Nb4 15. Qc1 Qd7 16. Rd1 Rac8 17. d3 {[#]} h6 $146 ({Predecessor:} 17... b6 18. Qd2 Nbd5 19. Ne4 h6 20. e3 Qb5 21. Bf1 Qe8 22. Qe2 Rd7 23. a3 Rdd8 {½-½ (38) Anton Guijarro,D (2674)-Karjakin,S (2760) Douglas 2019}) 18. Rb1 b6 19. a3 Nc6 20. e3 Nd5 21. Ne4 Qc7 22. Qc2 Qb8 23. Qe2 Ne5 24. Rbc1 Nd7 25. f4 a5 26. g4 N5f6 27. Nd2 Nd5 28. Ne4 {next Rf1 is good for White.} N5f6 $1 29. Nc3 b5 30. g5 hxg5 31. fxg5 Nh7 32. h4 Ne5 33. Ne4 c4 {[%cal Re5d3]} 34. Bxe5 Qxe5 35. d4 $36 {[%mdl 2048] White is pushing.} ({But not} 35. dxc4 $6 Rxd1+ 36. Rxd1 bxc4 $15) 35... Qc7 {[#] White leaves nothing to chance now.} ({Better is} 35... Qb8 $14) 36. a4 $1 $16 {[%cal Ra4b5]} f5 (36... Qb6 $16) 37. gxf6 $1 $18 Nxf6 38. Nxf6+ Bxf6 39. axb5 c3 40. Qg4 Qd6 (40... e5 {was worth a try.} 41. Qe6+ Kf8) 41. Bf1 {Strongly threatening Bc4.} c2 42. Rd2 {[#] Hoping for Bc4.} Rc3 43. Bd3 Rxb3 (43... Kf8 $16 {is a better defense.}) 44. Rcxc2 Kf8 45. Rd1 Qb4 46. Rc7 Rc3 (46... Rxd3 $142 47. Rxd3 Qxb5) 47. b6 Rxc7 48. bxc7 Rc8 49. Qxe6 Rxc7 50. Rb1 Re7 51. Qc6 (51. Qd5 $142 Rxe3 52. Rxb4 axb4 53. Bc4 Ke8 54. Qb7 Bxd4 55. Qc8+ Ke7 56. Qc7+ Kf6 57. Qf7+ Ke5 58. Qd5+ Kf4 59. Qxd4+ {[%mdl 64] Double Attack} Kf3 60. Kf1) 51... Qd2 52. Rb8+ {White mates.} Kf7 53. Qd5+ Re6 54. Qh5+ {Accuracy: White = 89%, Black = 68%.} 1-0

[Event "53rd Biel Classical 2020"]
[Site "Biel"]
[Date "2020.07.28"]
[Round "6.1"]
[White "Studer, Noel"]
[Black "Adams, Michael"]
[Result "0-1"]
[WhiteElo "2580"]
[BlackElo "2701"]
[Annotator "TA"]
[PlyCount "84"]
[EventDate "2020.07.21"]
[EventType "tourn"]
[EventCountry "SUI"]
[SourceTitle "playchess.com"]
[Source "ChessBase"]
[SourceQuality "1"]

{[%evp 14,84,21,12,9,14,10,13,25,20,15,23,23,23,23,23,22,22,17,18,14,18,14,20,17,25,53,0,0,0,0,0,13,0,0,0,0,0,0,-55,-58,-73,-68,-93,-77,-85,-85,-122,-122,-122,-122,-134,-133,-133,-133,-133,-109,-133,-133,-133,-133,-133,-133,-301,-301,-29980,-29981,-29980,-29981,-29982,-29983,-29983,-29984]} 1. d4 Nf6 2. c4 e6 3. Nf3 d5 4. Nc3 Be7 5. Bf4 O-O 6. e3 Nbd7 7. c5 c6 8. h3 b6 {D37: Queen's Gambit Declined: 5 Bf4.} 9. b4 a5 10. a3 $1 h6 {The position is equal. Nowadays more popular than 10...Ba6.} 11. Qc1 Bb7 12. Be2 Qc8 13. O-O Ba6 14. Qc2 Bxe2 15. Qxe2 Qb7 16. Rfb1 Ra7 17. Qc2 {[#]} axb4 $146 ({Predecessor:} 17... Rc8 18. Ra2 Bd8 19. Rbb2 Bc7 20. Bxc7 Qxc7 21. g3 Raa8 22. Kh2 g6 23. Kg2 Kg7 {½-½ (61) Elias,H (2331)-David Bordier,C (2330) ICCF email 2018}) 18. axb4 Rfa8 19. Rxa7 Rxa7 20. Qc1 (20. b5 $14) 20... Qa8 $11 21. Nd2 Ne8 22. Nb3 Nc7 23. Bg3 bxc5 24. bxc5 Bf6 25. e4 dxe4 26. Nxe4 ({Better is} 26. Bxc7 $11 Rxc7 27. Nxe4) 26... Nb5 $1 $15 27. Qd2 Ra2 $1 {[%cal Ra2d2]} 28. Rb2 Rxb2 29. Qxb2 Qa4 {[%cal Rf6d4]} 30. Nc3 {[#]} Qb4 $1 31. Nxb5 {[#]} Nxc5 $1 {[%mdl 64] Pin} ({Much worse is} 31... Qxb5 $6 32. Qc3 $11) 32. Qa2 Nxb3 33. Qa8+ Kh7 34. Qxc6 Qe1+ 35. Kh2 {Threatens to win with Qc2+.} Nd2 36. Qc2+ g6 {( -> ...Nf1+)} 37. h4 Qe2 $36 {[%mdl 2048] Hoping for ...Nf1+. Black is really pushing.} 38. Qc6 $2 {Loses the game.} (38. Kh3 $17 h5 39. Qc7) 38... h5 $19 {White must now prevent ...Qd1.} 39. Nc3 $2 (39. Qb7 $19 Bg7 40. Qxf7 Nf1+ 41. Kh1 Nxg3+ 42. fxg3 Qxb5 43. Qxe6) 39... Nf1+ {Black mates.} 40. Kg1 {[#]} Qe1 $1 {[%mdl 512]} 41. Qe4 Ne3+ $1 42. Kh2 Ng4+ {Accuracy: White = 68%, Black = 100%.} 0-1